| 000 | 00356nam a2200145Ia 4500 | ||
|---|---|---|---|
| 003 | OSt | ||
| 005 | 20240108101320.0 | ||
| 008 | 170524s9999 xx 000 0 und d | ||
| 020 | _a978817965116 | ||
| 040 | _cIIMT UNIVERSITY | ||
| 100 | _aSHARMA- SATISH | ||
| 245 | 0 | _aELECTRONIC MEDIA AND STING OPERATION | |
| 260 | _bN DELHI TAKSHSHILA | ||
| 942 |
_2ddc _c01 |
||
| 999 |
_c9287 _d9287 |
||